International financial reporting standard (IFRS TM)2004, including international accounting standards(IAS TM) and interpretations 2005 (Record no. 1782)

000 -LEADER
fixed length control field 00604nam a22001697a 4500
003 - CONTROL NUMBER IDENTIFIER
control field OSt
005 - DATE AND TIME OF LATEST TRANSACTION
control field 20150506130510.0
008 - FIXED-LENGTH DATA ELEMENTS--GENERAL INFORMATION
fixed length control field 150505b xxu||||| |||| 00| 0 eng d
020 ## - INTERNATIONAL STANDARD BOOK NUMBER
International Standard Book Number 9781905590261
050 ## - LIBRARY OF CONGRESS CALL NUMBER
Classification number HF 5626.I4 2007
245 ## - TITLE STATEMENT
Title International financial reporting standard (IFRS TM)2004, including international accounting standards(IAS TM) and interpretations 2005
Statement of responsibility, etc International Accounting Standard Board
260 ## - PUBLICATION, DISTRIBUTION, ETC. (IMPRINT)
Place of publication, distribution, etc London,
Name of publisher, distributor, etc International Accounting Standard Board
Date of publication, distribution, etc 2007
300 ## - PHYSICAL DESCRIPTION
Extent vii, 2513p.
500 ## - GENERAL NOTE
General note includes indexes
650 ## - SUBJECT ADDED ENTRY--TOPICAL TERM
Source of heading or term Accounting--Standard
942 ## - ADDED ENTRY ELEMENTS (KOHA)
Source of classification or shelving scheme
Koha item type Book
Holdings
Withdrawn status Lost status Source of classification or shelving scheme Damaged status Not for loan Home library Current library Shelving location Date acquired Total Checkouts Full call number Barcode Date last seen Copy number Price effective from Koha item type
          Riara University Library Riara University Library General stack 06/05/2015   HF 5626.I4 2007 5754/15 06/05/2015 C.1 06/05/2015 Book

Riara University Library,
P.O. Box 49940-00100,
Nairobi, Kenya.